000 01558cam a22003737i 4500
001 1909
005 20231010091327.0
020 _a9780061996658
020 _a0061996653
020 _a9780061996665 (lib. bdg.)
020 _a0061996661 (lib. bdg.)
040 _aYDXCP
_cYDXCP
_erda
_dBTCTA
_dBDX
_dUKMGB
_dDYJ
_dWIM
_dRS$
_dDCH
_dDLC
050 0 0 _aPZ7.P361
_bBig 2013
082 0 4 _a741.5/973
_223
100 1 _aPeirce, Lincoln,
_eauthor,
_eartist.
245 1 0 _aBig Nate in the zone /
_cLincoln Peirce.
250 _aFirst edition.
260 _aNew York :
_bHarper,
_c2014
300 _a216 pages :
_billustrations ;
_c22 cm.
490 0 _aBig Nate ;
_v6
520 _a"The latest illustrated novel from Lincoln Peirce is a laugh-out-loud must-read starring the one and only cartooning genius, king of detention, and Cheez Doodle connoisseur, Nate Wright. Nate's not having the best of luck . . . in fact; he's not having ANY luck. But with a little boost thanks to Chad's lucky foot, suddenly good luck is everywhere Nate turns! Nate's in the zone! But how long will it last?" --
_cfrom publisher's web site.
521 _a470
_bLexile GN
521 _aH
_bRaz-Plus
650 0 _aMiddle schools
_vJuvenile fiction.
650 0 _aSchools
_vJuvenile fiction.
650 0 _aConduct of life
_vJuvenile fiction.
650 0 _aFortune
_vJuvenile fiction.
650 0 _aGraphic novels.
650 1 _aMiddle schools
_vFiction.
650 1 _aSchools
_vFiction.
650 1 _aConduct of life
_vFiction.
650 1 _aLuck
_vFiction.
942 _2ddc
_cBK
_n0
999 _c1909
_d1909